Электрическая часть электростанций: учебное пособие

Detalles Bibliográficos
Autor Principal: Коломиец Н. В. Наталья Васильевна
Autor Corporativo: Томский политехнический университет (ТПУ) Институт дистанционного образования (ИДО)
Outros autores: Пономарчук Н. Р. Надежда Романовна, Шестакова В. В. Вера Васильевна
Summary:В учебном пособии рассматриваются принципы построения электрической части электростанций и подстанций, примеры электротехнических расчетов по выбору электрооборудования и основных элементов электрической части электростанций с учетом их технико-экономических характеристик, требований энергосистем, вопросов экологии и стандартизации параметров оборудования. Пособие подготовлено на кафедре электрических станций, соответствует программе дисциплины и предназначено для студентов специальностей 140203 «Релейная защита и автоматизация электроэнергетических систем», 140205 «Электроэнергетические системы и сети», 140211 «Электроснабжение» Института дистанционного образования.
Idioma:ruso
Publicado: Томск, Изд-во ТПУ, 2008
Subjects:
Formato: Libro
KOHA link:https://koha.lib.tpu.ru/cgi-bin/koha/opac-detail.pl?biblionumber=151178

MARC

LEADER 00000nam0a2200000 4500
001 151178
005 20240115160550.0
035 |a (RuTPU)RU\TPU\book\163913 
035 |a RU\TPU\book\134872 
090 |a 151178 
100 |a 20071106d2008 m y0rusy50 ca 
101 0 |a rus 
102 |a RU 
105 |a a j 001zy 
200 1 |a Электрическая часть электростанций   |e учебное пособие  |f Н. В. Коломиец, Н. Р. Пономарчук, В. В. Шестакова  |g Томский политехнический университет (ТПУ), Институт дистанционного образования 
210 |a Томск  |c Изд-во ТПУ  |d 2008 
215 |a 146 с.  |c ил. 
320 |a Библиогр.: с. 141-142. 
330 |a В учебном пособии рассматриваются принципы построения электрической части электростанций и подстанций, примеры электротехнических расчетов по выбору электрооборудования и основных элементов электрической части электростанций с учетом их технико-экономических характеристик, требований энергосистем, вопросов экологии и стандартизации параметров оборудования. Пособие подготовлено на кафедре электрических станций, соответствует программе дисциплины и предназначено для студентов специальностей 140203 «Релейная защита и автоматизация электроэнергетических систем», 140205 «Электроэнергетические системы и сети», 140211 «Электроснабжение» Института дистанционного образования. 
451 1 |0 (RuTPU)RU\TPU\book\134872  |t Электрическая часть электростанций и подстанций  |o учебное пособие  |f Н. В. Коломиец, Н. Р. Пономарчук, В. В. Шестакова  |g Томский политехнический университет (ТПУ)  |c Томск  |n Изд-во ТПУ  |d 2007  |p 143 с.  |s Учебники Томского политехнического университета  |a Коломиец, Наталья Васильевна 
606 1 |a Электрические станции  |x Электрооборудование  |2 stltpush  |3 (RuTPU)RU\TPU\subj\27642  |9 51365 
610 1 |a энергетика 
610 1 |a тепловые электростанции 
610 1 |a электрооборудование 
610 1 |a токи короткого замыкания 
610 1 |a распределительные устройства 
610 1 |a электрические аппараты 
610 1 |a электрические системы 
610 1 |a проектирование 
610 1 |a учебные пособия 
610 1 |a дистанционное обучение 
610 1 |a Сибирь 
610 1 |a труды учёных ТПУ 
675 |a 621.311.2.002.5-83(075.8)  |v 3 
700 1 |a Коломиец  |b Н. В.  |c специалист в области релейной защиты  |c доцент Томского политехнического университета, кандидат технических наук  |f 1945-  |g Наталья Васильевна  |3 (RuTPU)RU\TPU\pers\26456 
701 1 |a Пономарчук  |b Н. Р.  |g Надежда Романовна 
701 1 |a Шестакова  |b В. В.  |c специалист в области электротехники  |c доцент Томского политехнического университета, кандидат технических наук  |f 1968-  |g Вера Васильевна  |3 (RuTPU)RU\TPU\pers\26814  |9 12439 
712 0 2 |a Томский политехнический университет (ТПУ)  |b Институт дистанционного образования (ИДО)  |3 (RuTPU)RU\TPU\col\12625 
801 1 |a RU  |b 63413507  |c 20090120  |g PSBO 
801 2 |a RU  |b 63413507  |c 20201014  |g PSBO 
942 |c BK